[Event "398 Stay Safe Play From Home series"]
[Site "Emanuel Lasker Arena"]
[Date "2020.08.20"]
[Round "8"]
[White "Trapper"]
[Black "Stefansmtk"]
[Result "0-1"]
[WhiteElo "1645"]
[BlackElo "1976"]
[Annotator "NA"]
[PlyCount "68"]
[EventDate "2020.08.20"]
[EventType "swiss (blitz)"]

1. d4 {[%emt 0:00:01]} c5 {[%emt 0:00:01]} 2. d5 {[%emt 0:00:01]} e5 {[%emt 0:00:01]} 3. c4 {[%emt 0:00:00]} d6 {[%emt 0:00:00]} 4. Nf3 {[%emt 0:00:01]} f5 {[%emt 0:00:01]} 5. Nc3 {[%emt 0:00:00]} e4 {[%emt 0:00:01]} 6. Nd2 {[%emt 0:00:02]} Nf6 {[%emt 0:00:02]} 7. e3 {[%emt 0:00:01]} Be7 {[%emt 0:00:02]} 8. Be2 {[%emt 0:00:01]} O-O {[%emt 0:00:00]} 9. Bh5 {[%emt 0:00:02]} g6 {[%emt 0:00:02]} 10. Be2 {[%emt 0:00:01]} Na6 {[%emt 0:00:00]} 11. Nb5 {[%emt 0:00:01]} Nc7 {[%emt 0:00:02]} 12. Nxc7 {[%emt 0:00:01]} Qxc7 {[%emt 0:00:00]} 13. a3 {[%emt 0:00:00]} a5 {[%emt 0:00:01]} 14. O-O {[%emt 0:00:01]} a4 {[%emt 0:00:00]} 15. b3 {[%emt 0:00:01]} Bd7 {[%emt 0:00:00]} 16. bxa4 {[%emt 0:00:01]} Bxa4 {[%emt 0:00:01]} 17. Qe1 {[%emt 0:00:01]} b5 {[%emt 0:00:01]} 18. cxb5 {[%emt 0:00:01]} Nxd5 {[%emt 0:00:01]} 19. Nc4 {[%emt 0:00:03]} Bf6 {[%emt 0:00:03]} 20. b6 {[%emt 0:00:01]} Qd7 {[%emt 0:00:04]} 21. Rb1 {[%emt 0:00:01]} Nc3 {[%emt 0:00:03]} 22. b7 {[%emt 0:00:04]} Rab8 {[%emt 0:00:03]} 23. Rb6 {[%emt 0:00:01]} Nxe2+ {[%emt 0:00:04]} 24. Qxe2 {[%emt 0:00:02]} d5 {[%emt 0:00:00]} 25. Nd6 {[%emt 0:00:02]} Be5 {[%emt 0:00:03]} 26. Nc8 {[%emt 0:00:09]} Rxb7 {[%emt 0:00:03]} 27. Rxb7 {[%emt 0:00:01]} Qxb7 {[%emt 0:00:01]} 28. f4 {[%emt 0:00:08]} Bb8 {[%emt 0:00:04]} 29. Bb2 {[%emt 0:00:05]} Qxc8 {[%emt 0:00:04]} 30. Qd2 {[%emt 0:00:01]} Qd7 {[%emt 0:00:02]} 31. Qc3 {[%emt 0:00:01]} d4 {[%emt 0:00:01]} 32. exd4 {[%emt 0:00:01]} cxd4 {[%emt 0:00:01]} 33. Qb4 {[%emt 0:00:01]} Ba7 {[%emt 0:00:01]} 34. Kh1 {[%emt 0:00:03]} e3 {[%emt 0:00:00] Zeit Zeit Zeit (Lag: Av=0.72s, max=1.1s) (Lag: Av=0.72s, max=1.1s) (Lag: Av=0.72s, max=1.1s)} 0-1

[Event "398 Stay Safe Play From Home series"]
[Site "Emanuel Lasker Arena"]
[Date "2020.08.20"]
[Round "8"]
[White "Klasman"]
[Black "Yuriko"]
[Result "0-1"]
[WhiteElo "1396"]
[BlackElo "1979"]
[Annotator "NA"]
[PlyCount "42"]
[EventDate "2020.08.20"]
[EventType "swiss (blitz)"]

1. f4 {[%emt 0:00:03]} c5 {[%emt 0:00:00]} 2. e4 {[%emt 0:00:01]} d5 {[%emt 0:00:00]} 3. exd5 {[%emt 0:00:03]} Qxd5 {[%emt 0:00:00]} 4. Nc3 {[%emt 0:00:01]} Qd8 {[%emt 0:00:00]} 5. Nf3 {[%emt 0:00:02]} e6 {[%emt 0:00:00]} 6. d4 {[%emt 0:00:01]} Be7 {[%emt 0:00:00]} 7. Be3 {[%emt 0:00:03]} Nf6 {[%emt 0:00:00]} 8. Bb5+ {[%emt 0:00:02]} Nbd7 {[%emt 0:00:02]} 9. Ne5 {[%emt 0:00:03]} cxd4 {[%emt 0:00:03]} 10. Bxd4 {[%emt 0:00:02]} O-O {[%emt 0:00:01]} 11. O-O {[%emt 0:00:03]} a6 {[%emt 0:00:00]} 12. Bd3 {[%emt 0:00:04]} Qc7 {[%emt 0:00:02]} 13. Qf3 {[%emt 0:00:05]} Rb8 {[%emt 0:00:02]} 14. f5 {[%emt 0:00:02]} Nxe5 {[%emt 0:00:02]} 15. Bxe5 {[%emt 0:00:03]} Qxe5 {[%emt 0:00:00]} 16. Rae1 {[%emt 0:00:03]} Qc5+ {[%emt 0:00:01]} 17. Kh1 {[%emt 0:00:03]} b5 {[%emt 0:00:01]} 18. fxe6 {[%emt 0:00:01]} Bxe6 {[%emt 0:00:00]} 19. Qg3 {[%emt 0:00:08]} Bd6 {[%emt 0:00:02]} 20. Qh4 {[%emt 0:00:03]} Qh5 {[%emt 0:00:03]} 21. Qxh5 {[%emt 0:00:03]} Nxh5 {[%emt 0:00:00] Time Time Time (Lag: Av=0.55s, max=0.9s) (Lag: Av=0.55s, max=0.9s) (Lag: Av=0.55s, max=0.9s)} 0-1

[Event "398 Stay Safe Play From Home series"]
[Site "Emanuel Lasker Arena"]
[Date "2020.08.20"]
[Round "9"]
[White "AChessPlayer"]
[Black "Broken sword"]
[Result "1-0"]
[WhiteElo "2389"]
[BlackElo "2457"]
[PlyCount "79"]
[EventDate "2020.08.20"]
[EventType "swiss (blitz)"]

1. Nf3 {[%emt 0:00:00]} d5 {[%emt 0:00:01]} 2. g3 {[%emt 0:00:00]} c6 {[%emt 0:00:00]} 3. Bg2 {[%emt 0:00:00]} Nf6 {[%emt 0:00:01]} 4. O-O {[%emt 0:00:00]} Bg4 {[%emt 0:00:01]} 5. d4 {[%emt 0:00:00]} Nbd7 {[%emt 0:00:00]} 6. Nbd2 {[%emt 0:00:00]} e6 {[%emt 0:00:00]} 7. b3 {[%emt 0:00:00]} Bd6 {[%emt 0:00:01]} 8. Bb2 {[%emt 0:00:00]} Qe7 {[%emt 0:00:00]} 9. c4 {[%emt 0:00:00]} Ba3 {[%emt 0:00:01]} 10. Qc1 {[%emt 0:00:01]} Bxb2 {[%emt 0:00:01]} 11. Qxb2 {[%emt 0:00:00]} O-O {[%emt 0:00:00]} 12. Rfe1 {[%emt 0:00:01]} Bxf3 {[%emt 0:00:01]} 13. exf3 {[%emt 0:00:01]} a5 {[%emt 0:00:00]} 14. f4 {[%emt 0:00:00]} Qd6 {[%emt 0:00:00]} 15. c5 {[%emt 0:00:02]} Qc7 {[%emt 0:00:01]} 16. a3 {[%emt 0:00:00]} b6 {[%emt 0:00:00]} 17. b4 {[%emt 0:00:00]} axb4 {[%emt 0:00:02]} 18. axb4 {[%emt 0:00:00]} bxc5 {[%emt 0:00:00]} 19. bxc5 {[%emt 0:00:01]} Rfb8 {[%emt 0:00:01]} 20. Qc3 {[%emt 0:00:01]} g6 {[%emt 0:00:02]} 21. Nf3 {[%emt 0:00:01]} Ne4 {[%emt 0:00:01]} 22. Qc2 {[%emt 0:00:01]} Qb7 {[%emt 0:00:02]} 23. Rab1 {[%emt 0:00:02]} Qa7 {[%emt 0:00:01]} 24. Rb2 {[%emt 0:00:01]} Rxb2 {[%emt 0:00:01]} 25. Qxb2 {[%emt 0:00:01]} Qa2 {[%emt 0:00:01]} 26. Rb1 {[%emt 0:00:07]} Qxb2 {[%emt 0:00:01]} 27. Rxb2 {[%emt 0:00:00]} Ra1+ {[%emt 0:00:00]} 28. Bf1 {[%emt 0:00:00]} Ndf6 {[%emt 0:00:02]} 29. Kg2 {[%emt 0:00:02]} Ng4 {[%emt 0:00:01]} 30. h3 {[%emt 0:00:00]} Ngxf2 {[%emt 0:00:01]} 31. Rxf2 {[%emt 0:00:02]} Nxf2 {[%emt 0:00:00]} 32. Kxf2 {[%emt 0:00:00]} f6 {[%emt 0:00:00]} 33. Be2 {[%emt 0:00:01]} Ra4 {[%emt 0:00:02]} 34. Ke3 {[%emt 0:00:01]} Kf7 {[%emt 0:00:01]} 35. g4 {[%emt 0:00:01]} Ke7 {[%emt 0:00:01]} 36. g5 {[%emt 0:00:00]} Ra3+ {[%emt 0:00:02]} 37. Bd3 {[%emt 0:00:01]} Ra4 {[%emt 0:00:01]} 38. gxf6+ {[%emt 0:00:01]} Kxf6 {[%emt 0:00:00]} 39. Ne5 {[%emt 0:00:00]} Rxd4 {[%emt 0:00:02]} 40. Kxd4 {[%emt 0:00:01] Broken sword resigns Broken sword resigns Broken sword resigns (Lag: Av=0.37s, max=0.9s) (Lag: Av=0.37s, max=0.9s) (Lag: Av=0.37s, max=0.9s)} 1-0

[Event "398 Stay Safe Play From Home series"]
[Site "Emanuel Lasker Arena"]
[Date "2020.08.20"]
[Round "9"]
[White "Mepe_Nika"]
[Black "Hickey"]
[Result "1/2-1/2"]
[WhiteElo "2318"]
[BlackElo "2229"]
[PlyCount "118"]
[EventDate "2020.08.20"]
[EventType "swiss (blitz)"]

1. d4 {[%emt 0:00:01]} Nf6 {[%emt 0:00:01]} 2. Bf4 {[%emt 0:00:01]} e6 {[%emt 0:00:00]} 3. e3 {[%emt 0:00:01]} b6 {[%emt 0:00:01]} 4. Qf3 {[%emt 0:00:00]} d5 {[%emt 0:00:02]} 5. Nc3 {[%emt 0:00:01]} c5 {[%emt 0:00:01]} 6. Bb5+ {[%emt 0:00:02]} Bd7 {[%emt 0:00:01]} 7. Nge2 {[%emt 0:00:01]} a6 {[%emt 0:00:02]} 8. Bxd7+ {[%emt 0:00:02]} Nbxd7 {[%emt 0:00:00]} 9. O-O {[%emt 0:00:00]} Be7 {[%emt 0:00:00]} 10. e4 {[%emt 0:00:01]} dxe4 {[%emt 0:00:02]} 11. Nxe4 {[%emt 0:00:00]} Nxe4 {[%emt 0:00:00]} 12. Qxe4 {[%emt 0:00:00]} O-O {[%emt 0:00:01]} 13. Rad1 {[%emt 0:00:03]} c4 {[%emt 0:00:01]} 14. c3 {[%emt 0:00:02]} b5 {[%emt 0:00:01]} 15. Rfe1 {[%emt 0:00:02]} Nf6 {[%emt 0:00:01]} 16. Qf3 {[%emt 0:00:01]} Nd5 {[%emt 0:00:01]} 17. Bg3 {[%emt 0:00:02]} Bd6 {[%emt 0:00:02]} 18. Nf4 {[%emt 0:00:02]} Bxf4 {[%emt 0:00:01]} 19. Bxf4 {[%emt 0:00:00]} Qf6 {[%emt 0:00:00]} 20. Re4 {[%emt 0:00:02]} g5 {[%emt 0:00:03]} 21. Bd6 {[%emt 0:00:05]} Qxf3 {[%emt 0:00:00]} 22. gxf3 {[%emt 0:00:00]} Rfd8 {[%emt 0:00:01]} 23. Bc5 {[%emt 0:00:01]} Kg7 {[%emt 0:00:01]} 24. h4 {[%emt 0:00:01]} h6 {[%emt 0:00:01]} 25. hxg5 {[%emt 0:00:01]} hxg5 {[%emt 0:00:00]} 26. Kf1 {[%emt 0:00:01]} Kg6 {[%emt 0:00:01]} 27. Ke2 {[%emt 0:00:01]} Rh8 {[%emt 0:00:01]} 28. Rg1 {[%emt 0:00:01]} Rh5 {[%emt 0:00:01]} 29. f4 {[%emt 0:00:01]} Rah8 {[%emt 0:00:04]} 30. fxg5 {[%emt 0:00:02]} Rxg5 {[%emt 0:00:00]} 31. Rxg5+ {[%emt 0:00:02]} Kxg5 {[%emt 0:00:00]} 32. Bd6 {[%emt 0:00:01]} Kg6 {[%emt 0:00:01]} 33. Rg4+ {[%emt 0:00:02]} Kf5 {[%emt 0:00:01]} 34. Rg7 {[%emt 0:00:02]} f6 {[%emt 0:00:02]} 35. Bg3 {[%emt 0:00:01]} Ra8 {[%emt 0:00:02]} 36. Rb7 {[%emt 0:00:01]} e5 {[%emt 0:00:02]} 37. dxe5 {[%emt 0:00:01]} fxe5 {[%emt 0:00:00]} 38. Kd2 {[%emt 0:00:01]} Nf6 {[%emt 0:00:02]} 39. Rf7 {[%emt 0:00:02]} Rd8+ {[%emt 0:00:01]} 40. Kc2 {[%emt 0:00:01]} Rd6 {[%emt 0:00:00]} 41. Bh4 {[%emt 0:00:01]} Kg6 {[%emt 0:00:00]} 42. Rf8 {[%emt 0:00:01]} Ne4 {[%emt 0:00:02]} 43. Bg3 {[%emt 0:00:00]} Rd2+ {[%emt 0:00:02]} 44. Kc1 {[%emt 0:00:01]} Re2 {[%emt 0:00:01]} 45. Bxe5 {[%emt 0:00:01]} Nxf2 {[%emt 0:00:01]} 46. Bd4 {[%emt 0:00:01]} Nd3+ {[%emt 0:00:01]} 47. Kd1 {[%emt 0:00:02]} Rxb2 {[%emt 0:00:00]} 48. Rg8+ {[%emt 0:00:01]} Kf7 {[%emt 0:00:01]} 49. Ra8 {[%emt 0:00:00]} Rxa2 {[%emt 0:00:01]} 50. Bb6 {[%emt 0:00:01]} Ra1+ {[%emt 0:00:00]} 51. Kd2 {[%emt 0:00:01]} Ra2+ {[%emt 0:00:00]} 52. Ke3 {[%emt 0:00:00]} Ke6 {[%emt 0:00:01]} 53. Kd4 {[%emt 0:00:00]} b4 {[%emt 0:00:00]} 54. Ra7 {[%emt 0:00:00]} bxc3 {[%emt 0:00:00]} 55. Ba5 {[%emt 0:00:00]} Kf5 {[%emt 0:00:00]} 56. Rxa6 {[%emt 0:00:00]} Nb2 {[%emt 0:00:00]} 57. Bxc3 {[%emt 0:00:00]} Na4 {[%emt 0:00:01]} 58. Kxc4 {[%emt 0:00:01]} Nxc3 {[%emt 0:00:00]} 59. Rxa2 {[%emt 0:00:00]} Nxa2 {[%emt 0:00:01]} 1/2-1/2

[Event "398 Stay Safe Play From Home series"]
[Site "Emanuel Lasker Arena"]
[Date "2020.08.20"]
[Round "9"]
[White "AlexK"]
[Black "Trapper"]
[Result "1-0"]
[WhiteElo "2082"]
[BlackElo "1641"]
[PlyCount "75"]
[EventDate "2020.08.20"]
[EventType "swiss (blitz)"]

1. d4 {[%emt 0:00:01]} c5 {[%emt 0:00:01]} 2. Nf3 {[%emt 0:00:00]} cxd4 {[%emt 0:00:01]} 3. Nxd4 {[%emt 0:00:00]} Nf6 {[%emt 0:00:00]} 4. Nb3 {[%emt 0:00:00]} Nc6 {[%emt 0:00:00]} 5. g3 {[%emt 0:00:00]} a5 {[%emt 0:00:00]} 6. a4 {[%emt 0:00:01]} d6 {[%emt 0:00:02]} 7. Bg2 {[%emt 0:00:01]} e5 {[%emt 0:00:01]} 8. O-O {[%emt 0:00:01]} Bg4 {[%emt 0:00:01]} 9. c3 {[%emt 0:00:03]} Be7 {[%emt 0:00:01]} 10. Na3 {[%emt 0:00:01]} O-O {[%emt 0:00:02]} 11. Nb5 {[%emt 0:00:01]} d5 {[%emt 0:00:07]} 12. Bg5 {[%emt 0:00:02]} d4 {[%emt 0:00:01]} 13. cxd4 {[%emt 0:00:02]} exd4 {[%emt 0:00:01]} 14. N3xd4 {[%emt 0:00:01]} Nxd4 {[%emt 0:00:01]} 15. Nxd4 {[%emt 0:00:01]} Bc5 {[%emt 0:00:02]} 16. Be3 {[%emt 0:00:01]} Bb4 {[%emt 0:00:03]} 17. Bxb7 {[%emt 0:00:04]} Rb8 {[%emt 0:00:01]} 18. Bf3 {[%emt 0:00:01]} Bxf3 {[%emt 0:00:01]} 19. Nxf3 {[%emt 0:00:01]} Ng4 {[%emt 0:00:01]} 20. Qxd8 {[%emt 0:00:02]} Rfxd8 {[%emt 0:00:02]} 21. Bd4 {[%emt 0:00:01]} Rbc8 {[%emt 0:00:07]} 22. Rfc1 {[%emt 0:00:02]} Rxc1+ {[%emt 0:00:01]} 23. Rxc1 {[%emt 0:00:01]} f6 {[%emt 0:00:00]} 24. e3 {[%emt 0:00:01]} Re8 {[%emt 0:00:05]} 25. Rc7 {[%emt 0:00:02]} h5 {[%emt 0:00:01]} 26. Kg2 {[%emt 0:00:02]} Ne5 {[%emt 0:00:01]} 27. Nh4 {[%emt 0:00:02]} Nd3 {[%emt 0:00:02]} 28. Nf5 {[%emt 0:00:02]} Bf8 {[%emt 0:00:04]} 29. Ra7 {[%emt 0:00:02]} Nb4 {[%emt 0:00:02]} 30. Rxa5 {[%emt 0:00:02]} Nc6 {[%emt 0:00:01]} 31. Ra6 {[%emt 0:00:01]} Nxd4 {[%emt 0:00:01]} 32. Nxd4 {[%emt 0:00:00]} Rb8 {[%emt 0:00:02]} 33. b3 {[%emt 0:00:01]} Kh7 {[%emt 0:00:02]} 34. Rc6 {[%emt 0:00:01]} Kg6 {[%emt 0:00:01]} 35. h4 {[%emt 0:00:02]} Kf7 {[%emt 0:00:01]} 36. Kf3 {[%emt 0:00:01]} g5 {[%emt 0:00:01] ' ' '} 37. hxg5 {[%emt 0:00:01]} fxg5 {[%emt 0:00:01] ' ' '} 38. Ke4 {[%emt 0:00:00] Zeit Zeit Zeit ' ' '} 1-0

[Event "398 Stay Safe Play From Home series"]
[Site "Emanuel Lasker Arena"]
[Date "2020.08.20"]
[Round "9"]
[White "Stefansmtk"]
[Black "IceQueen"]
[Result "0-1"]
[WhiteElo "1981"]
[BlackElo "2475"]
[PlyCount "62"]
[EventDate "2020.08.20"]
[EventType "swiss (blitz)"]

1. c4 {[%emt 0:00:01]} e5 {[%emt 0:00:01]} 2. Nc3 {[%emt 0:00:00]} Nc6 {[%emt 0:00:00]} 3. d3 {[%emt 0:00:00]} Nf6 {[%emt 0:00:00]} 4. e3 {[%emt 0:00:01]} Bc5 {[%emt 0:00:00]} 5. Nge2 {[%emt 0:00:02]} d5 {[%emt 0:00:01]} 6. cxd5 {[%emt 0:00:02]} Nxd5 {[%emt 0:00:00]} 7. Ne4 {[%emt 0:00:03]} Bb4+ {[%emt 0:00:01]} 8. Bd2 {[%emt 0:00:01]} O-O {[%emt 0:00:00]} 9. a3 {[%emt 0:00:02]} Bxd2+ {[%emt 0:00:01]} 10. Qxd2 {[%emt 0:00:01]} f5 {[%emt 0:00:00]} 11. N4c3 {[%emt 0:00:03]} Nf6 {[%emt 0:00:01]} 12. Nc1 {[%emt 0:00:05]} Be6 {[%emt 0:00:01]} 13. Be2 {[%emt 0:00:01]} Qd6 {[%emt 0:00:01]} 14. O-O {[%emt 0:00:00]} a6 {[%emt 0:00:00]} 15. b4 {[%emt 0:00:05]} Rad8 {[%emt 0:00:01]} 16. b5 {[%emt 0:00:00]} axb5 {[%emt 0:00:01]} 17. Nxb5 {[%emt 0:00:00]} Qc5 {[%emt 0:00:01]} 18. a4 {[%emt 0:00:02]} Nd5 {[%emt 0:00:07]} 19. Qb2 {[%emt 0:00:06]} Qe7 {[%emt 0:00:02]} 20. Nb3 {[%emt 0:00:02]} Ndb4 {[%emt 0:00:01]} 21. d4 {[%emt 0:00:04]} exd4 {[%emt 0:00:01]} 22. N3xd4 {[%emt 0:00:01]} Nxd4 {[%emt 0:00:02]} 23. Nxd4 {[%emt 0:00:00]} Bd5 {[%emt 0:00:01]} 24. Rab1 {[%emt 0:00:04]} c5 {[%emt 0:00:00]} 25. Nb5 {[%emt 0:00:02]} f4 {[%emt 0:00:01]} 26. e4 {[%emt 0:00:04]} Bxe4 {[%emt 0:00:01]} 27. Bc4+ {[%emt 0:00:01]} Kh8 {[%emt 0:00:01]} 28. Rfe1 {[%emt 0:00:02]} Rfe8 {[%emt 0:00:02]} 29. f3 {[%emt 0:00:01] Stefansmtk bietet Remis Stefansmtk bietet Remis Stefansmtk bietet Remis} Bxb1 {[%emt 0:00:08]} 30. Rxe7 {[%emt 0:00:01]} Rxe7 {[%emt 0:00:00]} 31. Qxb1 {[%emt 0:00:01]} Rde8 {[%emt 0:00:00] Zeit Zeit Zeit (Lag: Av=0.40s, max=0.8s) (Lag: Av=0.40s, max=0.8s) (Lag: Av=0.40s, max=0.8s)} 0-1

[Event "398 Stay Safe Play From Home series"]
[Site "Emanuel Lasker Arena"]
[Date "2020.08.20"]
[Round "9"]
[White "Yuriko"]
[Black "Kasparov Garry"]
[Result "0-1"]
[WhiteElo "1980"]
[BlackElo "2491"]
[PlyCount "52"]
[EventDate "2020.08.20"]
[EventType "swiss (blitz)"]

1. d4 {[%emt 0:00:01]} Nf6 {[%emt 0:00:01]} 2. c4 {[%emt 0:00:00]} g6 {[%emt 0:00:00]} 3. d5 {[%emt 0:00:01]} d6 {[%emt 0:00:01]} 4. Nc3 {[%emt 0:00:01]} Bg7 {[%emt 0:00:01]} 5. e4 {[%emt 0:00:00]} c6 {[%emt 0:00:01]} 6. Nf3 {[%emt 0:00:00]} Nbd7 {[%emt 0:00:01]} 7. Be2 {[%emt 0:00:01]} Nc5 {[%emt 0:00:01]} 8. Qc2 {[%emt 0:00:01]} O-O {[%emt 0:00:01]} 9. O-O {[%emt 0:00:00]} Bd7 {[%emt 0:00:01]} 10. Re1 {[%emt 0:00:01]} cxd5 {[%emt 0:00:01]} 11. cxd5 {[%emt 0:00:01]} a6 {[%emt 0:00:01]} 12. a3 {[%emt 0:00:01]} Rc8 {[%emt 0:00:01]} 13. Nd2 {[%emt 0:00:01]} e6 {[%emt 0:00:01]} 14. h3 {[%emt 0:00:04]} Re8 {[%emt 0:00:01]} 15. b4 {[%emt 0:00:07]} Na4 {[%emt 0:00:01]} 16. Ndb1 {[%emt 0:00:01]} Nxc3 {[%emt 0:00:01]} 17. Nxc3 {[%emt 0:00:01]} Nxd5 {[%emt 0:00:01]} 18. exd5 {[%emt 0:00:01]} Bxc3 {[%emt 0:00:01]} 19. Bh6 {[%emt 0:00:05]} Bxe1 {[%emt 0:00:01]} 20. Qd3 {[%emt 0:00:04]} Bxf2+ {[%emt 0:00:00]} 21. Kxf2 {[%emt 0:00:01]} Qf6+ {[%emt 0:00:01]} 22. Kg3 {[%emt 0:00:04]} Qxa1 {[%emt 0:00:01]} 23. Bg4 {[%emt 0:00:03]} Rc3 {[%emt 0:00:01]} 24. Qxc3 {[%emt 0:00:04]} Qxc3+ {[%emt 0:00:01]} 25. Bf3 {[%emt 0:00:00]} e5 {[%emt 0:00:01]} 26. Bg5 {[%emt 0:00:02]} f5 {[%emt 0:00:02] Yuriko resigns Yuriko resigns Yuriko resigns (Lag: Av=0.35s, max=1.0s) (Lag: Av=0.35s, max=1.0s) (Lag: Av=0.35s, max=1.0s)} 0-1

[Event "398 Stay Safe Play From Home series"]
[Site "Emanuel Lasker Arena"]
[Date "2020.08.20"]
[Round "9"]
[White "Buzaglo"]
[Black "MihailoVujic"]
[Result "0-1"]
[WhiteElo "1878"]
[BlackElo "2220"]
[PlyCount "74"]
[EventDate "2020.08.20"]
[EventType "swiss (blitz)"]

1. d4 {[%emt 0:00:00]} d5 {[%emt 0:00:01]} 2. Nf3 {[%emt 0:00:00]} Nc6 {[%emt 0:00:02]} 3. g3 {[%emt 0:00:00]} Bg4 {[%emt 0:00:01]} 4. Bg2 {[%emt 0:00:00]} Qd7 {[%emt 0:00:01]} 5. Ne5 {[%emt 0:00:01]} Nxe5 {[%emt 0:00:01]} 6. dxe5 {[%emt 0:00:00]} Bh3 {[%emt 0:00:01]} 7. O-O {[%emt 0:00:01]} Bxg2 {[%emt 0:00:01]} 8. Kxg2 {[%emt 0:00:00]} h5 {[%emt 0:00:00]} 9. h4 {[%emt 0:00:01]} f6 {[%emt 0:00:02]} 10. Bf4 {[%emt 0:00:00]} g5 {[%emt 0:00:01]} 11. hxg5 {[%emt 0:00:03]} h4 {[%emt 0:00:00]} 12. exf6 {[%emt 0:00:02]} hxg3 {[%emt 0:00:02]} 13. Rh1 {[%emt 0:00:04]} Rxh1 {[%emt 0:00:08]} 14. Qxh1 {[%emt 0:00:00]} exf6 {[%emt 0:00:03]} 15. Bxg3 {[%emt 0:00:03]} O-O-O {[%emt 0:00:02]} 16. g6 {[%emt 0:00:02]} Bd6 {[%emt 0:00:02]} 17. Qh3 {[%emt 0:00:04]} f5 {[%emt 0:00:01]} 18. Qh7 {[%emt 0:00:02]} Qc6 {[%emt 0:00:03]} 19. Nc3 {[%emt 0:00:02]} d4+ {[%emt 0:00:02]} 20. Ne4 {[%emt 0:00:06]} Qxe4+ {[%emt 0:00:02]} 21. f3 {[%emt 0:00:01]} Qxe2+ {[%emt 0:00:02]} 22. Kh3 {[%emt 0:00:00]} Qxf3 {[%emt 0:00:01]} 23. Qh4 {[%emt 0:00:02]} f4 {[%emt 0:00:01]} 24. Qg4+ {[%emt 0:00:02]} Qxg4+ {[%emt 0:00:01]} 25. Kxg4 {[%emt 0:00:00]} fxg3 {[%emt 0:00:00]} 26. Rf1 {[%emt 0:00:03]} Nf6+ {[%emt 0:00:02]} 27. Rxf6 {[%emt 0:00:01]} g2 {[%emt 0:00:01]} 28. Kh5 {[%emt 0:00:02]} g1=Q {[%emt 0:00:01]} 29. Kh6 {[%emt 0:00:00]} Be5 {[%emt 0:00:02]} 30. Kg7 {[%emt 0:00:00]} Bxf6+ {[%emt 0:00:02]} 31. Kxf6 {[%emt 0:00:00]} Rd6+ {[%emt 0:00:00]} 32. Kf5 {[%emt 0:00:01]} Qxg6+ {[%emt 0:00:00]} 33. Kf4 {[%emt 0:00:01]} Re6 {[%emt 0:00:01]} 34. Kf3 {[%emt 0:00:00]} Re4 {[%emt 0:00:00]} 35. c4 {[%emt 0:00:02]} Qg4+ {[%emt 0:00:00]} 36. Kf2 {[%emt 0:00:01]} Re2+ {[%emt 0:00:00]} 37. Kf1 {[%emt 0:00:01]} Qg2# {[%emt 0:00:00] (Lag: Av=0.82s, max=1.4s) (Lag: Av=0.82s, max=1.4s) (Lag: Av=0.82s, max=1.4s)} 0-1